00848nam 2200229u 45000010009000000050017000090080041000260350021000679060045000880100017001330400019001500500023001691000057001922450026002492600037002753000026003126500058003387000057003968300082004539910048005350990035005831023079700000000000000.0811211s1949 nyu 000 0 eng  9(DLC) 49011262 a0bcbccpremunvduencipf19gy-gencatlg a 49011262  aDLCcCarPdDLC00aPS504b.A62 vol. 41 aNelson, John Herbert,d1897- [from old catalog]eed.10aContemporary trends;  aNew York,bMacmillan Co.,c1949. axiii, 1263 p.c22 cm. 0aAmerican literaturey20th century. [from old catalog]1 aCargill, Oscar,d1898- [from old catalog]ejoint ed. 0aAmerican literature: a period anthology. [Rev. ed.,vv. 4] [from old catalog] bc-GenCollhPS504i.A62 vol. 4tCopy 1wPREM anelson-contemporary-1072273693